| 000 | 006100000a22001810004500 | ||
|---|---|---|---|
| 003 | MACL | ||
| 005 | 20160324130648.0 | ||
| 008 | 160324b xxu||||| |||| 00| 0 eng d | ||
| 040 |
_aMACL _cMACL |
||
| 041 | _aHindi | ||
| 082 | _a300 | ||
| 100 |
_aविनोद कुमार मिश्र _919694 |
||
| 245 | _aविकलांग स्वस्थ व आत्मनिर्भर कैसे बनें | ||
| 260 |
_bकल्याणी शिक्षा परिषद _c2008 _aदिल्ली |
||
| 350 | _a300 | ||
| 650 |
_aSociology _948253 |
||
| 942 |
_cHIN _k300 _2ddc |
||
| 999 |
_c11510 _d11510 |
||